| 000 | 00795nam a22002415i 4500 | ||
|---|---|---|---|
| 001 | 10886 | ||
| 003 | ES-MaACL | ||
| 005 | 20230906145959.0 | ||
| 007 | t| | ||
| 008 | 921201s1992 sp ||||0| spa j | ||
| 020 | _a84-86639-47-6 | ||
| 040 |
_aM-BN _bspa _cM-BN |
||
| 080 | _a524.3(035) | ||
| 100 | 1 |
_aComellas, José Luis. _939983 |
|
| 245 | 1 | 0 |
_aVida y muerte de las estrellas / _cJosé Luis Comellas. |
| 260 |
_aMadrid : _bEquipo Sirius, _cD.L. 1992. |
||
| 300 |
_a64 p : _bil ; _c18 cm. |
||
| 490 | 1 |
_aBiblioteca de divulgación científica. Serie Astronomía ; _v9 |
|
| 650 | 1 | 4 |
_aEstrellas- _vObras de divulgación. _912565 |
| 830 | 0 |
_aBiblioteca de divulgación científica. Serie Astronomía ; _v9 _9178858 |
|
| 852 |
_aES-MaACL _j2149-F-10 _bR.121867 |
||
| 999 |
_c10886 _d10886 |
||